LEADER 01387cam a2200277 u 4500 001 000000015499 003 CaOOAMICUS 005 20070226105903.0 008 941210s1966 vc f u000 u ita u 035 $a10362729 040 $aBAV$bita 110 2 $aBiblioteca apostolica vaticana.$kMss.$bArchivio San Pietro.$kGreci.$0(OLS)http://pul/name/14249 245 10$aCatalogue des manuscrits grecs de l'Archivio di San Pietro /$cPaul Canart. 260 $aCittą del Vaticano :$bBiblioteca Apostolica Vaticana,$c1966. 300 $a89 p., 8 p. di tav. :$bfacs. ;$c26 cm 490 1 $aStudi e testi (Biblioteca apostolica vaticana) ;$v246 650 4$aManoscritti greci$xCataloghi.$0(OLS)http://pul/subject/10880 650 4$aManoscritti$zVaticano$xCataloghi.$0(OLS)http://pul/subject/4051 700 1 $aCanart, Paul,$csac.,$d1927-$0(OLS)http://pul/name/6626 830 0$aStudi e testi (Biblioteca apostolica vaticana) ;$v246.$0(OLS)http://pul/title/1077 850 $aPUL 852 $aPUL$W1$xDP1 Cons. Gen., Altre Classi 1$y22$m158 F 246$j21719$nBK-PRI$b $qStampati$B21719$CPULBib$Z2$F21719 $H $81 941 1 $a8 961 $aINV: 27589 996 $6245$aCatalogue des manuscrits grecs de l'Archivio di San Pietro$9(OLS)http://pul/title/22236 996 $6260$aCittą del Vaticano :$bBiblioteca Apostolica Vaticana$9(OLS)http://pul/publisher/48729 LEADER 01519nam a2200325 u 4500 001 000000079473 003 CaOOAMICUS 005 20070226123537.0 008 040604s2004 it u000 u ita u 020 $a8839406883 035 $a10997815 040 $aPUL$bita 041 1 $aita$heng 100 1 $aBarclay, John M. G.$0(OLS)http://pul/name/52944 240 10$aJews in the Mediterranean Diaspora from Alexander to Trajan (323 BCE - 117 CE).$lItaliano.$0(OLS)http://pul/title/104073 245 10$aDiaspora :$bi giudei nella diaspora mediterranea da Alessandro a Trajano (323 a.C. - 117 d.C.) /$cJohn M. G. Barclay. 260 $aBrescia :$bPaideia,$c2004. 300 $a485 p. ;$c24 cm 490 1 $aIntroduzione allo studio della Bibbia.$aSupplementi ;$v17 500 $aComprende indici. 504 $aBibliografia: p. [427]-454. 650 4$aEbrei$xStoria.$0(OLS)http://pul/subject/6751 650 4$aEbrei$xDiaspora.$0(OLS)http://pul/subject/27602 830 0$aIntroduzione allo studio della Bibbia.$pSupplementi ;$v17.$0(OLS)http://pul/title/41883 850 $aPUL 852 $aPUL$W1$xSL Religione 1$y3$m1 C 112.17$j119726$nBK-PRI$qStampati$B101687$CPULBib$Z2$F101687 $HPUL95255 $82 941 1 $a8 996 $6020$a8839406883$9(OLS)http://pul/number/104503 996 $6245$aDiaspora :$bi giudei nella diaspora mediterranea da Alessandro a Trajano (323 a.C. - 117 d.C.)$9(OLS)http://pul/title/104074 996 $6260$aBrescia :$bPaideia$9(OLS)http://pul/publisher/47884 LEADER 01709namaa2200373 i 4500 001 000000177776 003 CaOOAMICUS 005 20250520104610.0 008 250520s2024 it u000 u ita r 020 $a978-88-08-32004-9* 032 $aLibriCat 040 $aPUL$bita 082 04$a346.45013 100 1 $aBugetti, Maria Novella,$eautore.$0(OLS)http://pul/name/75822 245 00$aDell'amministrazione di sostegno :$bart. 404-413 /$cMaria Novella Bugetti. 264 34$aBologna :$bZanichelli,$c2024. 300 $aXXII, 338 pagine ;$c25 cm 336 $atesto$btxt$2rdacontent 337 $asenza mediazione$an$2rdamedia 338 $avolume$bnc$2rdacarrier 490 1 $aCommentario del codice civile e codici collegati Scialoja-Branca-Galgano.$aLibro Primo.$aDelle persone e della famiglia 500 $aInclude indice. 504 $aBibliografia in nota. 650 4$aAmministrazione di sostegno$zItalia.$0(OLS)http://pul/subject/46994 650 4$aDiritto civile$zItalia.$0(OLS)http://pul/subject/3770 830 0$aCommentario del Codice civile Scialoja-Branca.$bLibro primo, Delle persone e della famiglia ;$vArt. 404-413.$0(OLS)http://pul/title/216719 850 $aPUL 852 $aPUL$W1$xSL Diritto e Scienze Sociali 3$y79$m346. 45 COLL 7.404$j201696$qDDC 21$B206746$CPULBib$Z2$F206746 $H137878 $82 941 1 $a9 996 $6020$a978-88-08-32004-9*$9(OLS)http://pul/number/170367 996 $6082$a346.45013$9(OLS)http://pul/classification/2029 996 $6245$aDell'amministrazione di sostegno :$bart. 404-413$9(OLS)http://pul/title/219317 996 $6264$aBologna :$bZanichelli$9(OLS)http://pul/publisher/48255